| Tag |
First Indicator |
Second Indicator |
Subfields |
| LEADER |
00000cam a2200000 4500 |
| 001 |
in00000033500 |
| 005 |
20151007061843.0 |
| 008 |
750626s1948 nyu 00000 eng u |
| 010 |
|
|
|a 48010795
|
| 035 |
|
|
|a (OCoLC)01413426
|
| 035 |
|
|
|9 AAD3282AM
|
| 040 |
|
|
|c DZM
|d TXA
|d UtOrBLW
|
| 049 |
|
|
|a TXAM
|c [163530]
|
| 050 |
0 |
0 |
|a PS3525.E6394
|b G7
|
| 082 |
0 |
|
|a 818.5
|
| 092 |
|
|
|a 818
|b M568g
|
| 100 |
1 |
|
|a Merrick, Elliott,
|d 1905-1997.
|
| 245 |
1 |
0 |
|a Green Mountain farm.
|
| 264 |
|
1 |
|a New York :
|b Macmillan Co.,
|c 1948.
|
| 300 |
|
|
|a 209 pages ;
|c 21 cm.
|
| 336 |
|
|
|a text
|b txt
|2 rdacontent
|
| 337 |
|
|
|a unmediated
|b n
|2 rdamedia
|
| 338 |
|
|
|a volume
|b nc
|2 rdacarrier
|
| 650 |
|
0 |
|a Farm life.
|
| 999 |
|
|
|a MARS
|
| 999 |
f |
f |
|s abe4762d-8b4e-3159-a6af-4566b02e04bd
|i 0ec8ae77-8743-3383-bd63-c0ef8c3068a3
|t 0
|
| 952 |
f |
f |
|p ric
|a Texas A&M University
|b Rellis Campus
|c Joint Library Facility
|d Remote Storage
|t 0
|e PS3525.E6394 G7
|h Library of Congress classification
|i unmediated -- volume
|m A14801264840
|
| 998 |
f |
f |
|a PS3525.E6394 G7
|t 0
|l Remote Storage
|